| 000 | 00967cam a2200241 4500 | ||
|---|---|---|---|
| 001 | J92811 | ||
| 008 | 090401t1998 xxu||||| |||| 00| 0 eng d | ||
| 035 | _a(Sirsi) u87345 | ||
| 041 | _aeng | ||
| 050 | _a692.9 | ||
| 110 |
_aJoint Contracts Tribunal _93664 |
||
| 245 | _aStandard Form of Employer / Nominated Sub-Contractor Agreement NSC/W 1991 edition. Amendment 2 issued April 1998 : amendments to comply with the provisions of the Housing Grants, Construction and Regeneration Act 1996 : Part II Construction Contracts ... | ||
| 260 |
_aLondon _bRIBA Publications _c1998 |
||
| 300 | _a8p. ; 30cm. | ||
| 350 | _a0 | ||
| 650 | _aBUILT ENVIRONMENT-BUILDING CONTRACT FORMS | ||
| 650 | _aHOUSING GRANTS, CONSTRUCTION AND REGENERATION ACT 1996 PART II | ||
| 650 | _aJCT STANDARD FORM OF EMPLOYER/NOMINATED SUBCONTRACTOR AGREEMENT NSC/W | ||
| 650 | _aSUBCONTRACTS | ||
| 690 | _aBUILT ENVIRONMENT-BUILDING CONTRACT FORMS | ||
| 942 | _n0 | ||
| 948 | _c13/07/1998 | ||
| 999 |
_c97221 _d97221 |
||